The cambridge history of english literature. tomo 10 /

Guardado en:
Autor Principal: Ward, A. W.
Otros Autores: Waller, A. R.
Formato: Libro
Publicado: Cambridge : University Press, 1963
Materias:
Etiquetas: Agregar Etiqueta
Sin Etiquetas, Sea el primero en etiquetar este registro!
LEADER 00513nam a22001575a 4500
001 EHU.bham008331
003 AR-BHAM
005 20071120181226.0
008 130507s1963##################000#0#####d
082 8 2 |a 820.9 
100 1 |a Ward, A. W. 
245 1 0 |a The cambridge history of english literature. tomo 10 /  |c A. W. Ward , A. R. Waller , 
260 |a Cambridge :  |b University Press,  |c 1963 
653 |a Literatura inglesa-1901- 
700 1 |a Waller, A. R. 
859 |a AR-BHAM  |b BIB. HUMANIDADES - General  |h 820.9  |i W21  |p 814.65  |t Ej.1  |v X  |3 X